000 00822nam a2200253Ia 4500
003 OSt
005 20220923224604.0
006 a|||||r|||| 00| 0
007 ta
008 Pun
020 _c300
024 _a244,006
037 _b301, 08/10/2010, H.K. Prakashan
_cTextual
040 _aARTS
_cARTS
_bPun
041 _2Pun
_aPun
082 _aO153,1NGI1:g(U42), P7
100 _aਸਿੰਘ, ਗੁਰਇਕਬਾਲ, ਥਦ.
245 0 _aਪਰਵਾਸ ਚੇਤਨਾ ਤੇ ਚਿੰਤਨ
260 _aਲੁਧਿਆਣਾ
_b ਚੇਤਨਾ
_c2007
300 _a236ਪੰ
_ccm.
650 _aਪੰਜਾਬੀ ਸਾਹਿਤ
942 _hO153,1NGI1:g(U42), P7
_cTEXL
_2CC
999 _c372374
_d372374